000 01083nam a22003258i 4500
999 _c28455
_d28426
001 018731979
003 BUEsh
005 20200805142256.0
008 180109s2019 caua f b 001 0 eng d
020 _a9781506366210 (pbk.)
040 _aStDuBDS
_beng
_erda
_cStDuBDS
_dBUEsh
082 0 4 _a302.2301
_bBER
_222
100 1 _aBerger, Arthur Asa,
_d1933-
_eauthor.
245 1 0 _aMedia analysis techniques /
_cArthur Asa Berger, San Francisco State University.
250 _aSixth edition.
264 1 _aLos Angeles :
_bSAGE,
_c2019.
300 _axix, 346 pages :
_billustrations (black and white) ;
_c24 cm
336 _atext
_2rdacontent
_btxt
336 _astill image
_2rdacontent
_btxt
337 _aunmediated
_2rdamedia
_bn
338 _avolume
_2rdacarrier
_bnc
500 _aPrevious edition: 2014.
500 _aIncludes glossary.
504 _aIncludes bibliographical references and index.
650 7 _aMass media
_xPhilosophy.
_2BUEsh
653 _bCOMAME
_cJuly2020
655 _vReading book
_934232
776 0 8 _iebook version :
_z9781506366197
942 _2ddc
_cBB